Community mental health nursing : (Record no. 848)

MARC details
000 -LEADER
fixed length control field 01411cam a2200313 4500
005 - DATE AND TIME OF LATEST TRANSACTION
control field 20260322212036.0
008 - FIXED-LENGTH DATA ELEMENTS--GENERAL INFORMATION
fixed length control field data
010 ## - LIBRARY OF CONGRESS CONTROL NUMBER
LC control number 72-171669
020 ## - INTERNATIONAL STANDARD BOOK NUMBER
International Standard Book Number 0390370274
020 ## - INTERNATIONAL STANDARD BOOK NUMBER
International Standard Book Number 9780390370273
040 ## - CATALOGING SOURCE
Original cataloging agency DNLM
Transcribing agency DNLM
041 09 - LANGUAGE CODE
Language code of text/sound track or separate title eng
060 00 - NATIONAL LIBRARY OF MEDICINE CALL NUMBER
Classification number WY 160
Item number C748c 1970
096 ## - LOCALLY ASSIGNED NLM-TYPE CALL NUMBER (OCLC)
Classification number WA 495 C76 1972
001 - CONTROL NUMBER
control field data
245 00 - TITLE STATEMENT
Title Community mental health nursing :
Remainder of title the practitioner's point of view.
Statement of responsibility, etc. edited by Conference on Community Mental Health Nursing ... [et al.].
260 ## - PUBLICATION, DISTRIBUTION, ETC.
Place of publication, distribution, etc. New York,
Name of publisher, distributor, etc. Appleton-Century-Crofts
Date of publication, distribution, etc. [c1972]
300 ## - PHYSICAL DESCRIPTION
Extent xx, 268 p.
Other physical details illus.
500 ## - GENERAL NOTE
General note Conference sponsored by the ANA Psychiatric-Mental Health Division on Nursing Practice, and supported by USPHS training grant no. 1 T14 MH12119-01 from the National Institute of Mental Health.
590 ## - LOCAL NOTE (RLIN)
Local note Conference sponsored by the ANA Psychiatric-Mental Health Division on Nursing Practice, and supported by USPHS training grant no. 1 T14 MH12119-01 from the National Institute of Mental Health.
650 #2 - SUBJECT ADDED ENTRY--TOPICAL TERM
Topical term or geographic name entry element Community Mental Health Services
650 #2 - SUBJECT ADDED ENTRY--TOPICAL TERM
Topical term or geographic name entry element Psychiatric Nursing
650 #2 - SUBJECT ADDED ENTRY--TOPICAL TERM
Topical term or geographic name entry element Public Health Nursing
655 #2 - INDEX TERM--GENRE/FORM
Genre/form data or focus term Congresses
700 1# - ADDED ENTRY--PERSONAL NAME
Personal name Goldman, Elaine.
710 2# - ADDED ENTRY--CORPORATE NAME
Corporate name or jurisdiction name as entry element American Nurses' Association.
Subordinate unit Division on Psychiatric and Mental Health Nursing Practice.
710 2# - ADDED ENTRY--CORPORATE NAME
Corporate name or jurisdiction name as entry element National Institute of Mental Health (U.S.)
711 2# - ADDED ENTRY--MEETING NAME
Meeting name or jurisdiction name as entry element Conference on Community Mental Health Nursing
Date of meeting or treaty signing (1970 :
Location of meeting New York)
Holdings
Withdrawn status Lost status Damaged status Not for loan Home library Current library Shelving location Date acquired Total checkouts Full call number Barcode Date last seen Price effective from Koha item type
        Riverside Riverside General stacks 22/03/2026   GEN BC0010873 22/03/2026 22/03/2026 Books